Kahve Üretiminde Lider 10 Ülke - Statistics

General Stats
  • This quiz has been taken 34 times
  • The average score is 4 of 10
Answer Stats
Metrik Ton Ülke % Correct
3.405.267 Brezilya
73%
680.858 Kolombiya
73%
760.192 Endonezya
52%
559.400 Etiyopya
48%
332.848 Hindistan
48%
1.956.782 Vietnam
30%
384.361 Honduras
21%
369.551 Peru
18%
384.000 Uganda
15%
316.108 Orta Afrika Cumhuriyeti
3%
No matching quizzes found
Score Distribution
Percent of People with Each Score
Percentile by Number Answered
Your Score History
You have not taken this quiz